Účtovanie o emisných kvótach v podnikateľskej účtovnej jednotke
Účtovanie o emisných kvótach v podnikateľskej účtovnej jednotke z pohľadu platnej legislatívy v Slovenskej republike. Obstaranie emisných kvót a ich ocenenie pri obstaraní. Použitie emisných kvót. Rezerva na vypustené emisie do ovzdušia. Ďalšie poznámky k účtovaniu a oceňovaniu emisných kvót. Príkla...
Na minha lista:
| Autor principal: | |
|---|---|
| Formato: | Capítulo de Livro |
| Idioma: | eslovaco |
| Assuntos: | |
| Tags: |
Sem tags, seja o primeiro a adicionar uma tag!
|
MARC
| LEADER | 00000naa$a2200000$$$4500 | ||
|---|---|---|---|
| 001 | 0045603 | ||
| 005 | 20240502071528.3 | ||
| 041 | 0 | |a slo | |
| 044 | |a SK | ||
| 245 | 1 | 0 | |a Účtovanie o emisných kvótach v podnikateľskej účtovnej jednotke |c Anna Šlosárová |
| 520 | |a Účtovanie o emisných kvótach v podnikateľskej účtovnej jednotke z pohľadu platnej legislatívy v Slovenskej republike. Obstaranie emisných kvót a ich ocenenie pri obstaraní. Použitie emisných kvót. Rezerva na vypustené emisie do ovzdušia. Ďalšie poznámky k účtovaniu a oceňovaniu emisných kvót. Príklady. | ||
| 610 | 2 | 0 | |a emisie |
| 610 | 2 | 0 | |a kvóty |
| 610 | 2 | 0 | |a účtovanie |
| 610 | 2 | 0 | |a jednotka podnikateľská |
| 610 | 2 | 0 | |a oceňovanie |
| 610 | 2 | 0 | |a rezervy |
| 610 | 2 | 0 | |a legislatíva |
| 610 | 2 | 0 | |a Slovensko |
| 100 | 1 | |a Šlosárová, Anna | |